[Event "FIDE Chesscom Online Nations Cup"]
[White "Nakamura, Hikaru"]
[Black "Anand, Viswanathan"]
[Site "Online"]
[Round "6"]
[Annotator "RC"]
[Result "1/2-1/2"]
[Date "2020.05.07"]
[WhiteElo "2829"]
[BlackElo "2751"]
[PlyCount "138"]
[TimeControl "1500+10"]

1. c4 {[%emt 0:0:2]} e6 {[%emt 0:0:11]} 2. Nc3 {[%emt 0:0:7]} d5 {[%emt 0:0:0]} 3. d4 {[%emt 0:0:4]} Nf6 {[%emt 0:0:2]} 4. cxd5 {[%emt 0:0:3]} exd5 {[%emt 0:0:2]} 5. Bg5 {[%emt 0:0:8]} c6 {[%emt 0:0:3]} 6. e3 {[%emt 0:0:1]
} Bf5 {[%emt 0:0:5]} 7. Qf3 {[%emt 0:0:21]} Bg6 {[%emt 0:0:0]} 8. Bxf6 {[%emt 0:0:1]} Qxf6 {[%emt 0:0:1]} 9. Qxf6 {[%emt 0:0:2]} gxf6 {[%emt 0:0:2]} 10. Nf3 {[%emt 0:0:0]} Nd7 {[%emt 0:0:2]} 11. Nh4 {[%emt 0:0:9]
} Be7 {[%emt 0:0:2]} 12. Be2 {[%emt 0:0:1]} f5 {[%emt 0:0:0]} 13. Nf3 {[%emt 0:0:4]} Nb6 {[%emt 0:0:57]} 14. 0-0 {[%emt 0:0:18]} a5 {[%emt 0:0:53]} 15. Bd3 {[%emt 0:0:44]} Bd6 {[%emt 0:1:48]} 16. g3 {[%emt 0:0:0]} Ke7 {[%emt 0:1:41]} 17. Ne2 {[%emt 0:0:18]} Kf6 {[%emt 0:1:54]} 18. Nf4 {[%emt 0:0:2]} a4 {[%emt 0:0:13]} 19. Rac1 {[%emt 0:1:10]} Nd7 {[%emt 0:1:19]
} 20. Rc2 {[%emt 0:2:14]} Nf8 {[%emt 0:2:11]} 21. Ng2 {[%emt 0:0:0]} Ne6 {[%emt 0:0:19]} 22. Nfh4 {[%emt 0:0:28]} f4 {[%emt 0:2:6]} 23. Bxg6 {[%emt 0:1:59]} hxg6 {[%emt 0:0:6]} 24. gxf4 {[%emt 0:0:1]} Rag8 {[%emt 0:3:8]
} 25. Kh1 {[%emt 0:1:41]} g5 {[%emt 0:0:44]} 26. fxg5+ {[%emt 0:0:0]
} Nxg5 {[%emt 0:0:2]} 27. f3 {[%emt 0:0:11]} Ke6 {[%emt 0:0:0]} 28. Re2 {[%emt 0:0:7]} Kd7 {[%emt 0:0:55]} 29. e4 {[%emt 0:6:41]} Rh5 {[%emt 0:0:26]} 30. e5 {[%emt 0:5:20]} Bc7 {[%emt 0:0:13]} 31. f4 {[%emt 0:0:0]} Ne4 {[%emt 0:0:6]} 32. f5 {[%emt 0:0:35]} Rg4 {[%emt 0:1:22]} 33. Rf3 {[%emt 0:0:30]} Rgxh4 {[%emt 0:1:33]} 34. Nxh4 {[%emt 0:0:0]} Rxh4 {[%emt 0:0:2]
} 35. Rg2 {[%emt 0:0:2]} Rh7 {[%emt 0:0:15]} 36. b3 {[%emt 0:0:0]} c5 {[%emt 0:0:18]} 37. e6+ {[%emt 0:0:6]} Ke7 {[%emt 0:0:49]} 38. dxc5 {[%emt 0:0:2]} fxe6 {[%emt 0:0:7]} 39. fxe6 {[%emt 0:0:3]} Kxe6 {[%emt 0:0:4]
} 40. Rg6+ {[%emt 0:0:41]} Ke5 {[%emt 0:0:7]} 41. c6 {[%emt 0:0:0]} bxc6 {[%emt 0:0:17]} 42. Rxc6 {[%emt 0:0:0]} Bd6 {[%emt 0:0:23]} 43. bxa4 {[%emt 0:0:4]} Ra7 {[%emt 0:0:7]} 44. Rc2 {[%emt 0:0:6]} Rxa4 {[%emt 0:0:10]
} 45. h4 {[%emt 0:0:15]} Rc4 {[%emt 0:0:8]} 46. Re2 {[%emt 0:0:0]} d4 {[%emt 0:0:28]} 47. Kg2 {[%emt 0:0:11]} Rc7 {[%emt 0:0:20]} 48. h5 {[%emt 0:0:30]} Rh7 {[%emt 0:0:10]} 49. Rh3 {[%emt 0:0:8]} Kd5 {[%emt 0:0:0]} 50. h6 {[%emt 0:0:4]} Nf6 {[%emt 0:0:19]} 51. a4 {[%emt 0:0:17]} Ng4 {[%emt 0:0:8]} 52. a5 {[%emt 0:0:2]} Nxh6 {[%emt 0:0:26]} 53. Rh5+ {[%emt 0:0:32]
} Kc4 {[%emt 0:0:9]} 54. Rc2+ {[%emt 0:0:10]} Kd3 {[%emt 0:0:0]} 55. Rc6 {[%emt 0:0:1]} Bf4 {[%emt 0:0:4]} 56. Rf6 {[%emt 0:0:19]} Be3 {[%emt 0:0:35]} 57. Kf3 {[%emt 0:0:9]} Ra7 {[%emt 0:0:40]} 58. a6 {[%emt 0:0:0]} Nf7 {[%emt 0:0:6]} 59. Rb5 {[%emt 0:0:14]} Ng5+ {[%emt 0:0:2]} 60. Kg4 {[%emt 0:0:5]} Ne4 {[%emt 0:0:7]} 61. Rg6 {[%emt 0:0:30]} Ra8 {[%emt 0:2:19]
} 62. Ra5 {[%emt 0:0:11]} Ke2 {[%emt 0:0:45]} 63. Ra2+ {[%emt 0:0:7]
} Nd2 {[%emt 0:0:22]} 64. a7 {[%emt 0:0:7]} d3 {[%emt 0:0:9]
} 65. Re6 {[%emt 0:0:11]} Kf2 {[%emt 0:0:3]} 66. Rd6 {[%emt 0:0:6]} Rxa7 {[%emt 0:0:4]
} 67. Rxa7 {[%emt 0:0:3]} Bxa7 {[%emt 0:0:2]} 68. Rxd3 {[%emt 0:0:0]
} Be3 {[%emt 0:0:1]} 69. Rxe3 {[%emt 0:0:2]} Kxe3 {[%emt 0:0:0]} 1/2-1/2

[Event "FIDE Chesscom Online Nations Cup"]
[White "Aronian, Levon"]
[Black "Artemiev, Vladislav"]
[Site "Online"]
[Round "6"]
[Annotator "TA"]
[Result "1/2-1/2"]
[Date "2020.05.07"]
[WhiteElo "2778"]
[BlackElo "2769"]
[PlyCount "57"]

1. Nf3 {} Nf6 2. c4 c6 3. Nc3 d5 4. d4 e6 5. e3 Nbd7 6. Qc2 Bd6 7. Bd3 0-0 8. 0-0 dxc4 9. Bxc4 e5 10. b3 exd4 {
D46: Semi-Slav: 5 e3 Nbd7 6 Bd3, Black avoids the Meran.} 11. Nxd4 Ne5 12. Be2 {[#]} Qe7 $146 {The position is equal.} ({Predecessor:} 12... Re8 13. Bb2 Ng6 14. Rad1 Qc7 15. Nf3 Bg4 16. h3 Bxf3 17. Bxf3 Nh4 18. Be2 Rad8 19. Kh1 Ng6 20. Rd3 Be5 21. Rfd1 Rxd3 22. Bxd3 Qe7 23. Bf1 Rd8 24. Rxd8+ Qxd8 25. b4 {1/2-1/2 
(25) Siigur,J (2422)-Walter,G (2452) ICCF email 2016} )13. Bb2 Ba3 14. Bxa3 Qxa3 15. Rfd1 Re8 16. Rd2 Qe7 17. Rad1 Ng6 18. Qb1 Qe5 19. Qb2 a5 20. Nf3 Qe7 21. h3 b5 22. Bd3 Bb7 23. Ne2 c5 {[#] White must now prevent ...Bxf3.} 24. Ng3 (24. Bxb5 $14 Reb8 25. Nc3 )Bxf3 $1 $11 25. gxf3 Qe6 ({Black should try} 25... Nh4 $11 26. Be2 h6 )26. Bf5 $14 Qe7 {Threatening ...Nh4.} 27. Bd3 (27. Ne4 $5 )Qe6 {[#] aiming for ...Nh4.} (27... Nh4 $5 28. Be2 $8 h6 $11 )28. Bf5 Qe7 $1 {With the idea ...Nh4.} 29. Bd3 {Accuracy: White = 82%, Black = 88%.
} (29. Ne4 $5 )1/2-1/2

[Event "FIDE Chesscom Online Nations Cup"]
[White "Nepomniachtchi, Ian"]
[Black "Vachier-Lagrave, Maxime"]
[Site "Online"]
[Round "6"]
[Annotator "RC"]
[Result "0-1"]
[Date "2020.05.07"]
[WhiteElo "2778"]
[BlackElo "2860"]
[PlyCount "222"]
[TimeControl "1500+10"]

1. e4 {[%emt 0:0:2]} c6 {[%emt 0:0:1]} 2. d4 {[%emt 0:0:24]} d5 {[%emt 0:0:0]} 3. e5 {[%emt 0:0:1]} Bf5 {[%emt 0:0:3]} 4. Nf3 {[%emt 0:0:6]} e6 {[%emt 0:0:7]} 5. Be2 {[%emt 0:0:3]} c5 {[%emt 0:0:36]} 6. Be3 {[%emt 0:0:0]} Qb6 {[%emt 0:0:6]} 7. Nc3 {[%emt 0:2:50]} Nc6 {[%emt 0:0:3]} 8. Na4 {[%emt 0:3:0]} Qa5+ {[%emt 0:0:3]} 9. c3 {[%emt 0:0:2]} cxd4 {[%emt 0:0:1]
} 10. Nxd4 {[%emt 0:1:8]} Nxd4 {[%emt 0:0:3]} 11. Bxd4 {[%emt 0:0:33]
} Ne7 {[%emt 0:1:10]} 12. g4 {[%emt 0:2:38]} Bg6 {[%emt 0:0:0]} 13. Nc5 {[%emt 0:0:5]} Qc7 {[%emt 0:0:3]} 14. h4 {[%emt 0:1:40]} h5 {[%emt 0:1:24]
} 15. gxh5 {[%emt 0:0:4]} Bf5 {[%emt 0:0:1]} 16. Qb3 {[%emt 0:5:4]
} 0-0-0 {[%emt 0:3:4]} 17. a4 {[%emt 0:1:13]} Nc6 {[%emt 0:0:0]} 18. a5 {[%emt 0:0:2]} Nxd4 {[%emt 0:3:42]} 19. cxd4 {[%emt 0:0:2]} Bxc5 {[%emt 0:0:0]} 20. dxc5 {[%emt 0:0:25]} Qxc5 {[%emt 0:0:4]} 21. 0-0 {[%emt 0:0:2]
} Kb8 {[%emt 0:0:2]} 22. Rfc1 {[%emt 0:0:5]} Qe7 {[%emt 0:0:0]} 23. a6 {[%emt 0:1:47]} b6 {[%emt 0:1:16]} 24. Rc6 {[%emt 0:0:7]} Be4 {[%emt 0:4:56]
} 25. f3 {[%emt 0:1:38]} Rxh5 {[%emt 0:0:3]} 26. fxe4 {[%emt 0:3:11]
} Rxh4 {[%emt 0:0:2]} 27. Bf3 {[%emt 0:0:1]} Rh3 {[%emt 0:0:0]} 28. exd5 {[%emt 0:0:54]} Qg5+ {[%emt 0:0:2]} 29. Kf1 {[%emt 0:0:8]} Qf4 {[%emt 0:0:3]} 30. Ra3 {[%emt 0:1:18]} Rh1+ {[%emt 0:0:12]} 31. Ke2 {[%emt 0:0:2]
} Rh2+ {[%emt 0:1:39]} 32. Kf1 {[%emt 0:0:2]} Rh1+ {[%emt 0:0:0]} 33. Ke2 {[%emt 0:0:2]} Qxe5+ {[%emt 0:1:4]} 34. Kd3 {[%emt 0:0:2]
} Rxd5+ {[%emt 0:0:1]} 35. Bxd5 {[%emt 0:0:17]} Rh3+ {[%emt 0:0:3]} 36. Kc2 {[%emt 0:1:4]} Rxb3 {[%emt 0:0:5]} 37. Rxb3 {[%emt 0:0:0]} Qe2+ {[%emt 0:0:16]
} 38. Kb1 {[%emt 0:0:14]} exd5 {[%emt 0:0:1]} 39. Ra3 {[%emt 0:0:30]
} d4 {[%emt 0:0:16]} 40. Rc2 {[%emt 0:0:8]} Qb5 {[%emt 0:0:0]} 41. Rd2 {[%emt 0:0:4]} Qf1+ {[%emt 0:0:13]} 42. Ka2 {[%emt 0:0:3]} Qc4+ {[%emt 0:0:1]} 43. Kb1 {[%emt 0:0:6]} g5 {[%emt 0:0:19]} 44. Rf3 {[%emt 0:0:14]
} g4 {[%emt 0:0:44]} 45. Rf4 {[%emt 0:0:2]} g3 {[%emt 0:0:21]
} 46. Rdxd4 {[%emt 0:0:12]} Qe6 {[%emt 0:0:40]} 47. Rg4 {[%emt 0:0:19]} b5 {[%emt 0:0:1]
} 48. Rg8+ {[%emt 0:0:21]} Kc7 {[%emt 0:0:3]} 49. Rdg4 {[%emt 0:0:2]
} Qxa6 {[%emt 0:0:18]} 50. Rxg3 {[%emt 0:0:3]} Qe6 {[%emt 0:0:0]} 51. Rc3+ {[%emt 0:0:6]} Kb7 {[%emt 0:0:5]} 52. Rgg3 {[%emt 0:0:10]
} b4 {[%emt 0:0:7]} 53. Rce3 {[%emt 0:0:2]} Qf5+ {[%emt 0:0:2]} 54. Ka2 {[%emt 0:0:3]
} Qd5+ {[%emt 0:0:2]} 55. b3 {[%emt 0:0:10]} a5 {[%emt 0:0:0]} 56. Rd3 {[%emt 0:0:2]} Qc6 {[%emt 0:0:34]} 57. Rgf3 {[%emt 0:0:6]} Qc2+ {[%emt 0:0:20]} 58. Ka1 {[%emt 0:0:2]} f5 {[%emt 0:0:16]} 59. Rfe3 {[%emt 0:0:1]
} Qc1+ {[%emt 0:0:10]} 60. Ka2 {[%emt 0:0:2]} Qc2+ {[%emt 0:0:0]} 61. Ka1 {[%emt 0:0:1]} Qc7 {[%emt 0:0:19]} 62. Kb1 {[%emt 0:0:21]} f4 {[%emt 0:0:13]} 63. Rh3 {[%emt 0:0:7]} Qe7 {[%emt 0:0:8]} 64. Kc2 {[%emt 0:0:7]
} Qe2+ {[%emt 0:0:15]} 65. Kc1 {[%emt 0:0:23]} Qe4 {[%emt 0:0:0]} 66. Kd2 {[%emt 0:0:7]} a4 {[%emt 0:0:31]} 67. bxa4 {[%emt 0:0:24]} Kb6 {[%emt 0:0:21]} 68. Rhf3 {[%emt 0:0:2]} Ka5 {[%emt 0:0:4]} 69. Rf1 {[%emt 0:0:39]
} Qg2+ {[%emt 0:0:57]} 70. Ke1 {[%emt 0:0:2]} Qc2 {[%emt 0:0:0]} 71. Rff3 {[%emt 0:0:43]} Kxa4 {[%emt 0:0:4]} 72. Rd4 {[%emt 0:0:23]} Qc1+ {[%emt 0:0:13]} 73. Rd1 {[%emt 0:0:2]} Qc5 {[%emt 0:0:10]} 74. Kf1 {[%emt 0:0:17]
} Qc4+ {[%emt 0:0:4]} 75. Kg1 {[%emt 0:0:3]} Qg8+ {[%emt 0:0:0]} 76. Kf1 {[%emt 0:0:4]} Qg4 {[%emt 0:0:7]} 77. Kf2 {[%emt 0:0:3]} Qh4+ {[%emt 0:0:5]} 78. Kg2 {[%emt 0:0:4]} Qg5+ {[%emt 0:0:1]} 79. Kf2 {[%emt 0:0:5]
} Qe5 {[%emt 0:0:21]} 80. Rf1 {[%emt 0:0:27]} b3 {[%emt 0:0:0]} 81. Kg1 {[%emt 0:0:3]} Qd4+ {[%emt 0:0:24]} 82. Kh2 {[%emt 0:0:3]} Qh8+ {[%emt 0:0:7]} 83. Kg1 {[%emt 0:0:2]} Qg7+ {[%emt 0:0:2]} 84. Kh2 {[%emt 0:0:2]
} Qh7+ {[%emt 0:0:1]} 85. Kg1 {[%emt 0:0:2]} Qg6+ {[%emt 0:0:0]} 86. Kh2 {[%emt 0:0:2]} b2 {[%emt 0:0:13]} 87. Rxf4+ {[%emt 0:0:2]} Kb3 {[%emt 0:0:18]} 88. R4f3+ {[%emt 0:0:27]} Ka2 {[%emt 0:0:14]} 89. R3f2 {[%emt 0:0:2]
} Qh7+ {[%emt 0:0:12]} 90. Kg1 {[%emt 0:0:4]} Qd3 {[%emt 0:0:0]} 91. Kh2 {[%emt 0:0:4]} Ka3 {[%emt 0:0:30]} 92. Rf7 {[%emt 0:0:50]} Qd6+ {[%emt 0:0:12]} 93. Kg2 {[%emt 0:0:16]} Qd5+ {[%emt 0:0:2]} 94. R7f3+ {[%emt 0:0:7]} Ka2 {[%emt 0:0:6]} 95. R1f2 {[%emt 0:0:3]} Ka1 {[%emt 0:0:0]} 96. Kg3 {[%emt 0:0:16]} Qd6+ {[%emt 0:0:3]} 97. Kg2 {[%emt 0:0:6]} b1=Q {[%emt 0:0:3]} 98. Rf1 {[%emt 0:0:1]} Qxf1+ {[%emt 0:0:16]} 99. Kxf1 {[%emt 0:0:3]} Kb2 {[%emt 0:0:2]} 100. Ke2 {[%emt 0:0:6]} Kc2 {[%emt 0:0:0]} 101. Re3 {[%emt 0:0:6]} Qd5 {[%emt 0:0:6]} 102. Kf2 {[%emt 0:0:11]
} Qf5+ {[%emt 0:0:14]} 103. Ke2 {[%emt 0:0:3]} Qg4+ {[%emt 0:0:2]} 104. Rf3 {[%emt 0:0:1]} Qe4+ {[%emt 0:0:2]} 105. Kf2 {[%emt 0:0:10]} Kd2 {[%emt 0:0:1]
} 106. Ra3 {[%emt 0:0:55]} Qd5 {[%emt 0:0:3]} 107. Rg3 {[%emt 0:0:12]
} Qe5 {[%emt 0:0:14]} 108. Kf3 {[%emt 0:0:7]} Qf5+ {[%emt 0:0:0]} 109. Kg2 {[%emt 0:0:15]} Ke2 {[%emt 0:0:1]} 110. Kg1 {[%emt 0:0:9]
} Qf2+ {[%emt 0:0:14]} 111. Kh1 {[%emt 0:0:3]} Kf1 {[%emt 0:0:6]} 0-1

[Event "FIDE Chesscom Online Nations Cup"]
[White "Radjabov, Teimour"]
[Black "Ding, Liren"]
[Site "Online"]
[Round "6"]
[Annotator "RC"]
[Result "0-1"]
[Date "2020.05.07"]
[WhiteElo "2758"]
[BlackElo "2836"]
[PlyCount "106"]
[TimeControl "1500+10"]

1. Nf3 {[%emt 0:0:2]} Nf6 {[%emt 0:0:13]} 2. b3 {[%emt 0:0:1]} d5 {[%emt 0:0:24]
} 3. Bb2 {[%emt 0:0:2]} Bf5 {[%emt 0:0:1]} 4. e3 {[%emt 0:0:0]} h6 {[%emt 0:0:27]} 5. d3 {[%emt 0:0:17]} e6 {[%emt 0:0:2]} 6. Nbd2 {[%emt 0:0:1]
} Be7 {[%emt 0:0:25]} 7. h3 {[%emt 0:0:25]} Bh7 {[%emt 0:0:7]
} 8. g4 {[%emt 0:0:13]} c5 {[%emt 0:1:59]} 9. Ne5 {[%emt 0:3:43]} Nbd7 {[%emt 0:0:15]
} 10. Nxd7 {[%emt 0:1:9]} Qxd7 {[%emt 0:0:4]} 11. Bg2 {[%emt 0:0:2]
} d4 {[%emt 0:1:27]} 12. 0-0 {[%emt 0:1:56]} 0-0 {[%emt 0:0:0]} 13. Nc4 {[%emt 0:0:50]} Rad8 {[%emt 0:0:15]} 14. Qf3 {[%emt 0:1:20]} Nd5 {[%emt 0:1:12]} 15. exd4 {[%emt 0:3:5]} cxd4 {[%emt 0:0:17]} 16. Bxd4 {[%emt 0:0:2]
} Nb4 {[%emt 0:0:2]} 17. Bc3 {[%emt 0:2:38]} Nxc2 {[%emt 0:0:0]} 18. Rad1 {[%emt 0:0:58]} Nd4 {[%emt 0:0:49]} 19. Qe3 {[%emt 0:1:46]} Bf6 {[%emt 0:0:59]} 20. Ne5 {[%emt 0:2:5]} Qd6 {[%emt 0:5:31]} 21. Bxd4 {[%emt 0:3:36]
} Qxd4 {[%emt 0:0:3]} 22. Qxd4 {[%emt 0:0:3]} Rxd4 {[%emt 0:0:0]} 23. Rfe1 {[%emt 0:0:1]} Bxe5 {[%emt 0:2:47]} 24. Rxe5 {[%emt 0:0:0]} b6 {[%emt 0:0:1]} 25. Be4 {[%emt 0:0:25]} Rc8 {[%emt 0:1:9]} 26. Bxh7+ {[%emt 0:1:0]} Kxh7 {[%emt 0:0:40]} 27. Re4 {[%emt 0:0:23]} Rd5 {[%emt 0:0:3]
} 28. Ra4 {[%emt 0:0:29]} Rc7 {[%emt 0:0:15]} 29. Kg2 {[%emt 0:0:0]} Kg6 {[%emt 0:0:28]} 30. Rd2 {[%emt 0:0:3]} Rcd7 {[%emt 0:0:30]} 31. f4 {[%emt 0:1:30]} Kf6 {[%emt 0:1:57]} 32. d4 {[%emt 0:0:25]} g5 {[%emt 0:0:0]} 33. fxg5+ {[%emt 0:0:29]} hxg5 {[%emt 0:0:13]} 34. Kf3 {[%emt 0:0:0]} Kg6 {[%emt 0:0:8]} 35. Rc4 {[%emt 0:0:19]} f6 {[%emt 0:0:22]} 36. a4 {[%emt 0:0:9]
} R5d6 {[%emt 0:0:32]} 37. Ke3 {[%emt 0:0:24]} f5 {[%emt 0:0:0]} 38. Rcc2 {[%emt 0:0:2]} Rh7 {[%emt 0:0:29]} 39. Rh2 {[%emt 0:0:2]} Rh4 {[%emt 0:0:11]} 40. Rcg2 {[%emt 0:0:3]} Kf6 {[%emt 0:0:1]} 41. Rf2 {[%emt 0:0:5]
} Kg6 {[%emt 0:0:20]} 42. Rfg2 {[%emt 0:0:1]} a5 {[%emt 0:0:0]} 43. Rh1 {[%emt 0:0:6]} Rh8 {[%emt 0:0:25]} 44. Rhh2 {[%emt 0:0:23]} Rc6 {[%emt 0:1:51]} 45. Kd3 {[%emt 0:0:6]} Rhc8 {[%emt 0:0:41]} 46. Rc2 {[%emt 0:0:43]
} Rxc2 {[%emt 0:0:1]} 47. Rxc2 {[%emt 0:0:2]} Rxc2 {[%emt 0:0:0]} 48. Kxc2 {[%emt 0:0:1]} Kf6 {[%emt 0:0:1]} 49. Kd3 {[%emt 0:0:30]} Ke7 {[%emt 0:0:7]} 50. Ke3 {[%emt 0:0:8]} Kd6 {[%emt 0:0:11]} 51. Kf2 {[%emt 0:0:10]
} fxg4 {[%emt 0:0:28]} 52. hxg4 {[%emt 0:0:2]} Kd5 {[%emt 0:0:0]} 53. Ke3 {[%emt 0:0:21]} e5 {[%emt 0:0:2]} 0-1

[Event "FIDE Chesscom Online Nations Cup"]
[White "Wei, Yi"]
[Black "Firouzja, Alireza"]
[Site "Online"]
[Round "6"]
[Annotator "TA"]
[Result "1-0"]
[Date "2020.05.07"]
[WhiteElo "2752"]
[BlackElo "2703"]
[PlyCount "87"]

1. e4 {} c6 2. Nf3 d5 3. d3 dxe4 4. dxe4 Qxd1+ 5. Kxd1 Nf6 6. Nbd2 {B10: Caro-Kann: 2
d3 and 2 c4.} Bg4 7. Be2 Nbd7 8. Ne1 {White has an edge.} e5 {[#]} 9. Bxg4 $146 ({Predecessor:} 9. f3 Be6 10. Bc4 Bxc4 11. Nxc4 0-0-0 12. Ke2 Ne8 13. Nd3 f6 14. Be3 Nd6 15. Nxd6+ Bxd6 {1/2-1/2 (36) Ryan,J (2293)-Gomez Jurado,L (2221)
Barcelona 2020} )Nxg4 10. Ke2 f6 11. Nc4 h5 12. Nd3 Nh6 13. Be3 Nf7 14. Rhd1 h4 15. h3 g5 16. a4 {} b6 17. f3 Be7 18. Bf2 Nd8 19. Ne3 Ne6 20. Nf5 c5 21. a5 b5 22. a6 Rb8 (22... b4 $16 {is a better
defense.} )23. b4 $18 c4 24. Nc5 $1 {} Ndxc5 25. bxc5 Bxc5 26. Bxc5 Nxc5 {[#]} 27. Rd6 $1 { Threatens to win with Rc6.} Kf7 28. Rd5 Ne6 29. Rd7+ { Double Attack} Kg6 30. Rxa7 b4 31. Rd7 Rb6 (31... Nd4+ {
might work better.} 32. Nxd4 exd4 )32. Rb7 Rxb7 33. axb7 { Endgame
KRN-KRN} Rb8 {[#]} 34. Nd6 $1 Nd4+ $2 (34... b3 35. cxb3 cxb3 )35. Kd1 b3 36. cxb3 cxb3 37. Kc1 Nc6 38. Ra6 Nd8 39. Rb6 Kg7 40. Rxb3 $2 (40. Kb2 {aiming for
Kc3.} Kf8 41. Kxb3 )Nf7 $2 (40... Kf8 41. Rc3 Nxb7 )41. Nxf7 {White is
clearly winning.} Kxf7 42. Kc2 Ke6 43. Kc3 Kd6 44. Kc4 {Accuracy: White = 91%,
Black = 66%.} 1-0

[Event "FIDE Chesscom Online Nations Cup"]
[White "So, Wesley"]
[Black "Adhiban, B.."]
[Site "Online"]
[Round "6"]
[Annotator "TA"]
[Result "1-0"]
[Date "2020.05.07"]
[WhiteElo "2741"]
[BlackElo "2624"]
[PlyCount "71"]

1. e4 {} e5 2. Nf3 Nc6 3. Bb5 a6 4. Ba4 Nf6 5. 0-0 Bc5 6. Bxc6 dxc6 ({Reject} 6... bxc6 7. Nxe5 Nxe4 8. Qe2 $16 )7. d3 {C78: Ruy Lopez: Archangelsk and Möller
Defences.} Qe7 {7...Nd7 gains popularity. Played by Pentala Harikrishna in
November 2019.} 8. Nbd2 Bg4 9. Nc4 {The position is equal.} Nd7 10. h3 Bh5 {[#]
} 11. a3 $5 $146 { An interesting novelty.} ({Predecessor:} 11. Be3 f6 12. Qe2 g5 13. Bxc5 Nxc5 14. Ne3 Ne6 15. Nf5 Qd7 16. Qe3 c5 17. Rab1 {1/2-1/2 
(31) Almasi,Z (2702)-Fressinet,L (2649) Batumi 2018} )0-0-0 12. b4 $36 {
 White has good play.} Bd4 13. Rb1 Nb6 14. Ne3 Bxe3 15. Bxe3 g5 (15... Kb8 $11 )16. Bxg5 $16 f6 17. Bh4 Rhg8 18. Qe2 Na4 19. Rb3 Rdf8 20. Qe3 Kb8 21. Kh2 Ka8 22. c4 Nb6 23. Bg3 f5 {Black cannot hold the game after this.} (23... Bxf3 $16 24. Qxf3 Nd7 )24. Nxe5 $18 fxe4 25. dxe4 Qe6 26. c5 Nc8 $2 (26... Nc4 27. Nxc4 { Discovered Attack} Qxc4 )27. Rd3 {White is
clearly winning.} Ne7 28. Re1 Ka7 29. a4 Be8 30. Rd8 h5 31. h4 Qf6 {[#] Now ...
Nf5 and Black clings on.} 32. b5 $1 cxb5 (32... axb5 33. axb5 )33. axb5 Bxb5 34. c6+ b6 {[#]} 35. Nd7 $1 { Threatening mate with Qxb6+! Double
Attack, Discovered Attack} Rxg3 36. Qxg3 {Accuracy: White = 93%, Black = 47%.} 1-0

[Event "FIDE Chesscom Online Nations Cup"]
[White "Karjakin, Sergey"]
[Black "Duda, Jan-Krzysztof"]
[Site "Online"]
[Round "6"]
[Annotator "TA"]
[Result "1/2-1/2"]
[Date "2020.05.07"]
[WhiteElo "2709"]
[BlackElo "2774"]
[PlyCount "65"]

1. e4 {} c5 2. Nf3 d6 3. d4 cxd4 4. Nxd4 Nf6 5. Nc3 a6 6. Bd3 g6 7. Be3 {7.f3 gains popularity.
B90: Sicilian Najdorf: Unusual White 6th moves, 6 Be3 Ng4 and 6 Be3 e5.} Nc6 8. f3 {[#]} Nxd4 $146 ({Predecessor:} 8... Qb6 9. a3 e5 10. Nf5 Qd8 11. Ng3 Be6 12. Qd2 h5 13. 0-0-0 Rc8 14. Kb1 Bg7 {1-0 (28) Swiercz,D (2667)-Gabuzyan,H 
(2613) Chicago 2019} )9. Bxd4 Bh6 10. Nd5 Nxd5 11. exd5 0-0 12. 0-0 Qa5 13. c4 e5 14. dxe6 Bxe6 15. Qe1 Qxe1 16. Rfxe1 Rfc8 17. b3 d5 {} 18. cxd5 Bxd5 {The position is equal.} 19. Rad1 Re8 20. Kf2 Bc6 21. Bf6 Bg7 {[#] Hoping
for ...Rxe1.} 22. Bxg7 Kxg7 23. Rxe8 Rxe8 $11 { Endgame KRB-KRB} 24. Rc1 Rd8 25. Ke3 Rd6 26. h4 h6 27. b4 Kf6 28. a3 Ke7 29. Rc3 Re6+ 30. Kd2 Rd6 31. Ke3 Re6+ 32. Kd2 Rd6 33. Ke3 {An uneventful encounter. Accuracy: White =
95%, Black = 95%.} 1/2-1/2

[Event "FIDE Chesscom Online Nations Cup"]
[White "Vidit, Santosh Gujrathi"]
[Black "Caruana, Fabiano"]
[Site "Online"]
[Round "6"]
[Annotator "TA"]
[Result "1/2-1/2"]
[Date "2020.05.07"]
[WhiteElo "2636"]
[BlackElo "2773"]
[PlyCount "103"]

1. d4 {} Nf6 2. c4 g6 3. Nc3 Bg7 4. g3 0-0 5. Bg2 d6 6. Nf3 c6 7. 0-0 Bf5 8. b3 Ne4 9. Bb2 Nxc3 10. Bxc3 Be4 11. e3 Nd7 12. Qe2 {E62: King's Indian:
Fianchetto: 6...c6 and Panno Variation (6...Nc6) without ...a6.} c5 13. Rac1 {
[#]} Qc7 $146 ({Predecessor:} 13... Rc8 14. Rfd1 a6 15. Bh3 Bxf3 16. Qxf3 cxd4 17. exd4 Rb8 18. Qe2 Re8 19. Rc2 d5 {1-0 (55) Valdes Romero,L (2387)-Chon,Y 
(2025) Baku 2016} )14. Rfd1 {White is slightly better.} a5 15. Bh3 b6 16. Ng5 Bb7 17. d5 Bxc3 18. Rxc3 a4 19. e4 axb3 20. axb3 Nf6 21. f4 h6 22. Nf3 e5 23. dxe6 {aiming for e5.} Nxe4 24. exf7+ Qxf7 25. Re3 Rfe8 {[#] Threatens to win
with ...Nc3!} 26. Re1 Qg7 27. Qd3 {} Ra1 28. Rxa1 Qxa1+ 29. Re1 $1 {} Qg7 30. Nd2 {} Nf6 31. Re6 Rxe6 $1 32. Bxe6+ Kh7 33. Qxd6 Ne4 34. Nxe4 (34. Qd3 $16 Qa1+ 35. Nf1 )Bxe4 $11 35. Qd2 Qf6 36. Qd7+ Qg7 37. Bg4 (37. Qxg7+ {feels hotter.} Kxg7 38. Bd7 Bc2 39. Ba4 g5 40. fxg5 hxg5 41. Kf1 )Bc2 38. Kf2 (38. Qe6 {is more complex.} Qd4+ 39. Kg2 Qe4+ 40. Qxe4 Bxe4+ 41. Kf2 )Bxb3 39. Qxg7+ Kxg7 { Endgame
KB-KB} 40. Be2 {The position is equal.} Kf6 41. Ke3 Ba4 42. h4 h5 43. g4 hxg4 44. Bxg4 Be8 45. Ke4 Bc6+ 46. Ke3 b5 47. cxb5 Bxb5 48. h5 gxh5 49. Bxh5 c4 50. Kd4 Kf5 51. Be2 Kxf4 52. Bxc4 {Accuracy: White = 93%, Black = 89%.} 1/2-1/2